LEADER 01255cam0-22003011i-450- 001 990000215450403321 005 20061030125924.0 035 $a000021545 035 $aFED01000021545 035 $a(Aleph)000021545FED01 035 $a000021545 100 $a20020821d1854----km-y0itay50------ba 101 0 $afre 102 $aFR 105 $af-------001yy 200 1 $aRevue de technologie militaire, ou recueil de mémoires, expériences, observations et procédés relatifs a cette science, choisisdans les meilleurs écrits périodiques et non périodiques qui se publient en langues étrangéres...$ftraduits, analysés et annotés par L. Delobel 210 $aLiège$cE. Noblet$d1854 215 $a2 v.$d23 cm 676 $a623.4 702 1$aDelobel,$bLouis Charles Ghislain Joseph 801 0$aIT$bUNINA$gRICA$2UNIMARC 901 $aBK 912 $a990000215450403321 952 $a13 AR 29 A 82$b1922$fFINBC 952 $a13 AR 29 A 81$b1921$fFINBC 959 $aFINBC 996 $aRevue de technologie militaire, ou recueil de mémoires, expériences, observations et procédés relatifs a cette science, choisisdans les meilleurs écrits périodiques et non périodiques qui se publient en langues étrangéres..$9123229 997 $aUNINA LEADER 02264nam 2200481 450 001 9910479931103321 005 20170919183836.0 010 $a1-4438-8979-2 035 $a(CKB)3710000000610582 035 $a(EBL)4535182 035 $a(MiAaPQ)EBC4535182 035 $a(EXLCZ)993710000000610582 100 $a20160620h20162016 uy 0 101 0 $aeng 135 $aur|n|---||||| 181 $2rdacontent 182 $2rdamedia 183 $2rdacarrier 200 00$aTrends in language assessment research and practice $ethe view from the Middle East and the Pacific Rim /$fedited by Vahid Aryadoust and Janna Fox 210 1$aNewcastle-upon-Tyne, England :$cCambridge Scholars Publishing,$d2016. 210 4$d©2016 215 $a1 online resource (653 p.) 300 $aDescription based upon print version of record. 311 $a1-4438-8261-5 320 $aIncludes bibliographical references at the end of each chapters and index. 330 $aDespite prodigious developments in the field of language assessment in the Middle East and the Pacific Rim, research and practice in these areas have been underrepresented in mainstream literature. This volume takes a fresh look at language assessment in these regions, and provides a unique overview of contemporary language assessment research. In compiling this book, the editors have tapped into the knowledge of language and educational assessment experts whose diversity of perspectives and experience has enriched the focus and scope of language and educational assessment in general, and the 606 $aLanguage and languages$xAbility testing 606 $aLanguage and languages$xAbility testing$zMiddle East 606 $aLanguage and languages$xAbility testing$zPacific Area 608 $aElectronic books. 615 0$aLanguage and languages$xAbility testing. 615 0$aLanguage and languages$xAbility testing 615 0$aLanguage and languages$xAbility testing 676 $a418.0076 702 $aAryadoust$b Vahid 702 $aFox$b Janna 801 0$bMiAaPQ 801 1$bMiAaPQ 801 2$bMiAaPQ 906 $aBOOK 912 $a9910479931103321 996 $aTrends in language assessment research and practice$92179246 997 $aUNINA LEADER 03584 am 2200853 n 450 001 9910498499703321 005 20210901 010 $a979-1-280-13613-8 010 $a979-1-280-13612-1 024 7 $a10.4000/books.aaccademia.9435 035 $a(CKB)5590000000460962 035 $a(FrMaCLE)OB-aaccademia-9435 035 $a(oapen)https://directory.doabooks.org/handle/20.500.12854/84111 035 $a(EXLCZ)995590000000460962 100 $a20210921j|||||||| ||| 0 101 0 $aita 135 $auu||||||m|||| 181 $ctxt$2rdacontent 182 $cc$2rdamedia 183 $acr$2rdacarrier 200 10$aMetamorfosi dei Lumi 10 $eL'emergenza del sentimento /$fMarco Menin 210 $aTorino $cAccademia University Press$d2021 215 $a1 online resource (168 p.) 225 1 $aMetamorfosi dei lumi 311 $a979-1-280-13611-4 330 $aIl decimo volume delle Metamorfosi dei Lumi è dedicato a indagare il complesso fenomeno dell?emergenza del sentimento negli anni del Tournant des Lumières (1780-1820). Nonostante il Settecento sia sempre ricordato come il secolo della ragione, esso avvertì al contempo dolorosamente i limiti della razionalità stessa, intavolando un?inedita discussione sulla dimensione passionale. Precedentemente condannato come un fattore di turbamento della ragione, un malcelato residuo di animalità, il sentimento diventa la chiave di volta non solo della riflessione etica tardo settecentesca (caratterizzata dal fiorire della morale sentimentalista in opposizione al razionalismo cartesiano), ma anche il cuore di una nuova retorica incentrata sul patetico e di una riflessione politica che individua nella natura passionale dell?essere umano uno dei tratti dirimenti della sua socievolezza. 517 $aMetamorfosi dei Lumi 10 606 $aHistory 606 $aTournant des Lumières 606 $asentimento 606 $aSettecento 606 $amorale sentimentalista 606 $anatura passionale dell?essere umano 606 $asentiment 606 $aXVIIIe siècle 606 $amorale sentimentale 606 $anature passionnée de l'être humain 606 $aeighteenth century 606 $asentimentalist morality 606 $athe passionate nature of the human being 607 $aEurope$xIntellectual life$y18th century 610 $aTournant des Lumières 610 $asentiment 610 $aeighteenth century 610 $asentimentalist morality 610 $athe passionate nature of the human being 615 4$aHistory 615 4$aTournant des Lumières 615 4$asentimento 615 4$aSettecento 615 4$amorale sentimentalista 615 4$anatura passionale dell?essere umano 615 4$asentiment 615 4$aXVIIIe siècle 615 4$amorale sentimentale 615 4$anature passionnée de l'être humain 615 4$aeighteenth century 615 4$asentimentalist morality 615 4$athe passionate nature of the human being 700 $aBalistreri$b Maurizio$0728034 701 $aCorti$b Claudia$081211 701 $aLeonzio$b Elisa$01290045 701 $aMenin$b Marco$0520941 701 $aRustighi$b Lorenzo$0752799 701 $aSaby$b Pierre$01304621 701 $aSicco$b Debora$01290050 701 $aTeysseire$b Daniel$0445671 701 $aTrivero$b Paola$0171879 701 $aMenin$b Marco$0520941 801 0$bFR-FrMaCLE 906 $aBOOK 912 $a9910498499703321 996 $aMetamorfosi dei Lumi 10$93027560 997 $aUNINA